000 00286nam a2200121Ia 4500
008 240731s9999 xx 000 0 und d
022 _a1741-8720
245 0 _aIbsen Studies
260 _bRoutledge
856 _uhttps://www.tandfonline.com/loi/sibs20
942 _2ddc
942 _cTFEJ
999 _c76919
_d76919
945 _a1
_bMadushi Gamage
_c1
_dMadushi Gamage